00638cam a22002053a 45000010005000000030006000050050017000110080041000280400015000690420007000840500007000911000039000982450100001372600029002375060030002665160020002966530047003168300028003638560041003914716PGUSA20140828083105.0031201s2003||||xxu|||||s|||||000 | eng d aPGUSAbeng adc 4aDF1 aDavis, William Stearns,d1877-193012aA Day in Old Athens; a Picture of Athenian Lifeh[electronic resource] /cWilliam Stearns Davis bProject Gutenberg,c2003 aPublic domain in the USA. aElectronic text aAthens (Greece) -- Social life and customs 0aProject Gutenbergv471640uhttp://www.gutenberg.org/ebooks/4716